Länder mit 100 Millionen Einwohnern - Sudden Death - Statistiken

Allgemein
  • Dieses Quiz wurde 138.229 mal gespielt
  • Das Durchschnittsergebnis liegt bei 6 aus 16
Answers on the Grid
Answers color-coded by a green-red scale on the quiz's grid according to % correct below.
Indien
China
Vereinigte Staaten
Indonesien
Pakistan
Nigeria
Brasilien
Bangladesch
Russland
Äthiopien
Mexiko
Japan
Ägypten
Philippinen
Demokratische Republik Kongo
Vietnam
Iran
Türkei
Deutschland
Thailand
Vereinigtes Königreich
Tansania
Frankreich
Südafrika
Italien
Kenia
Myanmar
Kolumbien
Südkorea
Sudan
Uganda
Spanien
Algerien
Irak
Argentinien
Afghanistan
Jemen
Kanada
Marokko
Polen
 
Antwortstatistiken
Antwort % Korrekt
China
65%
Indien
60%
Vereinigte Staaten
60%
Russland
58%
Brasilien
52%
Indonesien
42%
Japan
41%
Pakistan
37%
Bangladesch
36%
Mexiko
36%
Nigeria
35%
Philippinen
25%
Demokratische Republik Kongo
24%
Ägypten
22%
Äthiopien
19%
Vietnam
16%
Keine übereinstimmenden Quizze gefunden
Verteilung der Resultate
Anzahl Personen mit jedem Resultat
Perzentil nach korrekt beantworteten Fragen
Ihre Resultats-Entwicklung
Sie haben dieses Quiz noch nicht gespielt